[Event "Steinfurt Bezirksklasse 0506"]
[Site "Germany"]
[Date "2005.09.10"]
[Round "1.6"]
[White "Gutjahr, Vladimir"]
[Black "Lachnet, Adolf"]
[Result "0-1"]
[WhiteElo "1308"]
[BlackElo "1551"]
[PlyCount "126"]
[EventDate "2005.09.10"]
[EventType "team-tourn"]
[EventRounds "7"]
[EventCountry "GER"]
[SourceTitle "EXT 2006"]
[Source "ChessBase"]
[SourceDate "2005.11.24"]
[SourceVersion "1"]
[SourceVersionDate "2005.11.24"]
[SourceQuality "1"]
[WhiteTeam "Steinfurt III"]
[BlackTeam "Nordwalde II"]
[WhiteTeamCountry "GER"]
[BlackTeamCountry "GER"]

1. d4 d5 2. Bf4 h6 3. Nf3 Nc6 4. e3 Bg4 5. Nbd2 Nf6 6. Be2 e6 7. c3 Be7 8. Qc2 Bf5 9. Qb3 Rb8 10. Qa4 0-0 11. h3 Ne4 12. Qd1 Bd6 13. Ne5 Nxe5 14. dxe5 Be7 15. 0-0 Bg5 16. Nxe4 Bxe4 17. Bd3 Bxd3 18. Qxd3 Bxf4 19. exf4 c5 20. Rad1 c4 21. Qf3 Qa5 22. a3 Qb6 23. Qe2 a5 24. Qc2 Qc6 25. b4 cxb3 26. Qxb3 Rfc8 27. Rc1 b5 28. Rc2 Qc4 29. Qb2 Qxf4 30. Re1 Qc4 31. Rd1 Qc7 32. f4 b4 33. axb4 axb4 34. Rd3 Qc5+ 35. Kh2 b3 36. Rc1 Rc6 37. Rd4 Rcb6 38. Rb1 Ra8 39. Rb4 Rxb4 40. cxb4 Qxb4 41. Qxb3 Qxf4+ 42. Qg3 Qe4 43. Re1 Qc4 44. Qf3 Rd8 45. Rf1 Qc7 46. Qf4 Qe7 47. Qd4 Rf8 48. Qg4 f6 49. Qh4 Qc7 50. Qf4 Qxe5 51. Qxe5 fxe5 52. Re1 e4 53. Re3 g6 54. h4 Kg7 55. Kg3 Rf5 56. Re2 Kf6 57. Kh3 Ke5 58. g3 d4 59. g4 Rf6 60. Ra2 e3 61. Rg2 Ke4 62. g5 Rf3+ 63. Kg4 h5# 0-1